| 000 | 00819cam a2200253 a 4500 | ||
|---|---|---|---|
| 001 | 000012088 | ||
| 003 | DO-SdBNP | ||
| 005 | 20250916113313.0 | ||
| 008 | 831115s1971 ve af b 000 0 spa d | ||
| 035 | _a(DLC) 83672412 | ||
| 040 |
_aDO-SdBNP _bspa _cBNPHU |
||
| 082 |
_a378.8 _bR484u, 1971 |
||
| 100 | 1 |
_aRibeiro, Darcy. _d1922-1997 _928553 |
|
| 245 | 1 | 3 |
_aLa universidad latinoamericana / _cDarcy Ribeiro. |
| 250 | _a2a ed. ampliada. | ||
| 260 |
_aCaracas : _bEdiciones de la Biblioteca, Universidad Central de Venezuela, _c1971. |
||
| 300 |
_a187 p. : _bil. ; _c21 cm. |
||
| 490 | 0 |
_aTemas _v41 |
|
| 504 | _aBibliografías: p. 177 - [185] | ||
| 650 | 0 |
_aUniversidades _zAmérica Latina _985564 |
|
| 650 | 0 |
_aEducación superior _xAmérica latina _928555 |
|
| 910 | _aCatalogación derivada | ||
| 942 |
_2ddc _cLBS1 |
||
| 999 |
_c11754 _d11754 |
||